000 002350000a22001210004500
041 0 _aEspaƱol
082 0 4 _aCD 077
110 1 _aUniversal
245 1 0 _aRondas infantiles / Universal
505 0 0 _aRondas
001 1187
942 _cLGB
999 _c48361
_d48361